Т. 2; Избранные произведения в 2-х томах

ग्रंथसूची विवरण
Parent link:Избранные произведения в 2-х томах: Пер. с фр./ П. А. Гольбах. Т. 2.— , 1963
भाषा:रूसी
प्रकाशित: 1963
विषय:
स्वरूप: पुस्तक
KOHA link:https://koha.lib.tpu.ru/cgi-bin/koha/opac-detail.pl?biblionumber=19949

MARC

LEADER 00000nam0a2200000 4500
001 19949
005 20231030191908.0
035 |a (RuTPU)RU\TPU\book\20121 
035 |a BOOK00000004 
090 |a 19949 
100 |a 20011209d1963 k y0rusy50 ca 
101 1 |a rus  |c fre 
102 |a RU 
105 |a y z 000zy 
200 0 |a Т. 2 
210 |d 1963 
215 |a 563 с. 
461 |t Избранные произведения в 2-х томах  |o Пер. с фр.  |v Т. 2  |f П. А. Гольбах  |d 1963 
610 1 |a философия 
610 1 |a французская философия 
610 1 |a 18 век 
610 1 |a материализм 
610 1 |a история 
610 1 |a общество 
610 1 |a государство 
610 1 |a управление 
610 1 |a правительство 
610 1 |a политика 
610 1 |a свобода 
610 1 |a деспотизм 
610 1 |a война 
610 1 |a мир 
610 1 |a внешняя политика 
675 |a 1Ф3  |v 3 
686 |a Ю3(4)  |v LBC/SL-A  |2 rubbk 
801 0 |a RU  |b 63413507  |c 20011209  |g PSBO 
801 2 |a RU  |b 63413507  |c 20160309  |g PSBO 
942 |c BK